[Event "Warsaw Przepiorka Memorial"]
[Site "Warsaw"]
[Date "2019.12.28"]
[Round "4"]
[White "Karwacki, Piotr"]
[Black "Czernek, Tymon"]
[Result "1-0"]
[WhiteElo "1952"]
[BlackElo "2097"]
[PlyCount "97"]
[EventDate "2019.12.27"]
[EventType "swiss"]
[EventRounds "9"]
[EventCountry "POL"]
[SourceTitle "CBM 194 Extra"]
[Source "ChessBase"]
[SourceDate "2020.03.31"]
[SourceVersion "1"]
[SourceVersionDate "2020.03.31"]
[SourceQuality "1"]

1. e4 c5 2. Nf3 d6 3. Bb5+ Nd7 4. 0-0 Ngf6 5. Nc3 a6 6. Bxd7+ Bxd7 7. d4 cxd4 8. Qxd4 e5 9. Qd3 h6 10. a4 Rc8 11. Nd2 Be6 12. Nd5 Bxd5 13. exd5 Be7 14. Nc4 0-0 15. Ne3 g6 16. f4 exf4 17. Rxf4 Nd7 18. Nc4 f5 19. g4 b5 20. axb5 axb5 21. Qe2 Kh8 22. Na5 Bg5 23. Nc6 Qf6 24. Rf1 Bxc1 25. Raxc1 Qg5 26. Kh1 fxg4 27. Qe6 Nf6 28. Ne7 Rce8 29. Ra1 g3 30. Rg1 Rxe7 31. Qxe7 Qxd5+ 32. Rg2 Rf7 33. Qd8+ Kg7 34. Qa8 Qxa8 35. Rxa8 gxh2 36. Kxh2 Nd5 37. Rb8 Ne3 38. Re2 Nf5 39. Rf2 g5 40. Rxb5 Kg6 41. Rb8 h5 42. Rg8+ Kf6 43. b4 g4 44. b5 d5 45. b6 d4 46. Kg1 Ke6 47. Re8+ Kd7 48. b7 g3 49. Rxf5 1-0

[Event "POL-ch U20"]
[Site "Ustron"]
[Date "2019.11.28"]
[Round "7"]
[White "Trybus, Daniel"]
[Black "Karwacki, Piotr"]
[Result "1-0"]
[WhiteElo "1862"]
[BlackElo "1952"]
[PlyCount "119"]
[EventDate "2019.11.23"]
[EventType "swiss"]
[EventRounds "9"]
[EventCountry "POL"]
[SourceTitle "CBM 193 Extra"]
[Source "ChessBase"]
[SourceDate "2020.01.31"]
[SourceVersion "1"]
[SourceVersionDate "2020.01.31"]
[SourceQuality "1"]

1. e4 c5 2. Nf3 Nc6 3. d4 cxd4 4. Nxd4 Nf6 5. Nc3 e5 6. Ndb5 d6 7. Bg5 a6 8. Na3 b5 9. Bxf6 gxf6 10. Nd5 f5 11. g3 fxe4 12. Bg2 Be6 13. Bxe4 Bg7 14. Qh5 Rc8 15. c3 Ne7 16. Rd1 h6 17. Nc2 Rc4 18. f3 Nxd5 19. Bxd5 Bxd5 20. Rxd5 b4 21. Ne3 Rc5 22. Qg4 Qg5 23. Qxg5 hxg5 24. cxb4 Rc1+ 25. Rd1 Rxd1+ 26. Kxd1 Kd7 27. Nf5 Bf6 28. Kc2 Ke6 29. Ne3 d5 30. Kb3 d4 31. Ng4 Bg7 32. h4 f5 33. Nf2 Kd5 34. h5 a5 35. b5 e4 36. fxe4+ fxe4 37. Ng4 e3 38. h6 Be5 39. Kc2 Ke4 40. Nxe5 Rc8+ 41. Nc6 d3+ 42. Kd1 Rf8 43. Nd4 Kxd4 44. h7 Rh8 45. b6 a4 46. b7 a3 47. b8Q Rxb8 48. h8Q+ Rxh8 49. Rxh8 axb2 50. Rb8 Ke4 51. Rxb2 Kf3 52. a4 d2 53. a5 Kf2 54. Rxd2+ exd2 55. a6 Kxg3 56. a7 Kf2 57. a8Q g4 58. Qf8+ Ke3 59. Qh6+ Kf3 60. Qh5 1-0

[Event "POL-ch U20"]
[Site "Ustron"]
[Date "2019.11.27"]
[Round "6"]
[White "Karwacki, Piotr"]
[Black "Starosciak, Szymon"]
[Result "0-1"]
[WhiteElo "1952"]
[BlackElo "1714"]
[PlyCount "48"]
[EventDate "2019.11.23"]
[EventType "swiss"]
[EventRounds "9"]
[EventCountry "POL"]
[SourceTitle "CBM 193 Extra"]
[Source "ChessBase"]
[SourceDate "2020.01.31"]
[SourceVersion "1"]
[SourceVersionDate "2020.01.31"]
[SourceQuality "1"]

1. d4 d5 2. Nc3 Nf6 3. Bf4 c6 4. Qd3 g6 5. f3 Bg7 6. e4 0-0 7. Be2 Nbd7 8. h4 Nh5 9. Bh2 e5 10. f4 exd4 11. Nd1 dxe4 12. Qxe4 Qa5+ 13. Kf1 Nc5 14. Qf3 Bf5 15. Nf2 Bxc2 16. Bc4 b5 17. g4 bxc4 18. gxh5 Nb3 19. axb3 Qxa1+ 20. Kg2 Bxb3 21. hxg6 c3 22. gxh7+ Kh8 23. bxc3 Bd5 24. Ne4 f5 0-1

[Event "Lazy op 14th"]
[Site "Lazy"]
[Date "2018.07.03"]
[Round "9"]
[White "Karwacki, Piotr"]
[Black "Kruczynski, Marek"]
[Result "1/2-1/2"]
[WhiteElo "1828"]
[BlackElo "1731"]
[PlyCount "120"]
[EventDate "2018.06.24"]
[EventType "swiss"]
[EventRounds "9"]
[EventCountry "POL"]
[SourceTitle "CBM 185 Extra"]
[Source "ChessBase"]
[SourceDate "2018.07.29"]
[SourceVersion "1"]
[SourceVersionDate "2018.07.29"]
[SourceQuality "1"]

1. e4 c6 2. d3 g6 3. Nf3 Bg7 4. Nbd2 d6 5. g3 e5 6. Bg2 h6 7. Nb3 Qc7 8. c3 Be6 9. d4 Ne7 10. Be3 Nd7 11. Qd2 0-0-0 12. 0-0-0 Nb6 13. Na5 Kb8 14. Kb1 Nbc8 15. c4 c5 16. dxc5 dxc5 17. Qc3 b6 18. Nb3 Nc6 19. Rc1 Nd6 20. Nfd2 Nd4 21. Bxd4 exd4 22. Qd3 f5 23. e5 Nf7 24. f4 a5 25. Na1 Ka7 26. Nc2 Bf8 27. Na3 Ka6 28. Nb5 Qc8 29. Bd5 Re8 30. Rhe1 Qb8 31. Qf3 h5 32. Bxe6 Rxe6 33. Qd5 Nd8 34. Nb3 Rh7 35. N5xd4 cxd4 36. Qb5+ Ka7 37. Nxd4 Bc5 38. Nxe6 Nxe6 39. a3 Re7 40. b4 axb4 41. axb4 Bd4 42. Rc2 Qe8 43. Ra2+ Kb8 44. Qa6 Qc6 45. Qa4 Qxa4 46. Rxa4 Ra7 47. Rxa7 Kxa7 48. Kc2 Kb7 49. Kd3 Kc6 50. Re2 Kb7 51. h3 Bg1 52. Ra2 Kb8 53. Rg2 Bd4 54. Ra2 Kb7 55. c5 bxc5 56. bxc5 Bxc5 57. Kc4 Be7 58. Ra1 h4 59. gxh4 Nxf4 60. Rf1 Nxh3 1/2-1/2

[Event "Lazy op 14th"]
[Site "Lazy"]
[Date "2018.07.02"]
[Round "8"]
[White "Hasterok, Mateusz"]
[Black "Karwacki, Piotr"]
[Result "1/2-1/2"]
[WhiteElo "1837"]
[BlackElo "1828"]
[PlyCount "74"]
[EventDate "2018.06.24"]
[EventType "swiss"]
[EventRounds "9"]
[EventCountry "POL"]
[SourceTitle "CBM 185 Extra"]
[Source "ChessBase"]
[SourceDate "2018.07.29"]
[SourceVersion "1"]
[SourceVersionDate "2018.07.29"]
[SourceQuality "1"]

1. d4 d5 2. c4 Nc6 3. Nc3 dxc4 4. Nf3 Bg4 5. d5 Na5 6. Qa4+ c6 7. b4 b5 8. Qxa5 Qxa5 9. bxa5 b4 10. Ne5 bxc3 11. Nxg4 cxd5 12. Ba3 Rb8 13. 0-0-0 e6 14. Bxf8 Kxf8 15. e4 Rb5 16. Kc2 Rxa5 17. Kxc3 h5 18. Ne3 Nf6 19. exd5 exd5 20. Kb4 Rxa2 21. Nxd5 Nxd5+ 22. Rxd5 Ke7 23. Bxc4 Rxf2 24. Re1+ Kf6 25. Rf1 Rb8+ 26. Kc3 Rxf1 27. Bxf1 h4 28. h3 Rb1 29. Be2 Rc1+ 30. Kd2 Rg1 31. Bf3 Ra1 32. Rd7 Ke6 33. Rc7 g5 34. Rc6+ Ke5 35. Rc5+ Kf4 36. Rc4+ Ke5 37. Rc5+ Kf4 1/2-1/2

[Event "POL-chT U20 2nd League"]
[Site "Szczyrk"]
[Date "2017.07.29"]
[Round "10.90"]
[White "Karwacki, Piotr"]
[Black "Pedrak, Paulina"]
[Result "0-1"]
[WhiteElo "1540"]
[BlackElo "1552"]
[PlyCount "128"]
[EventDate "2017.07.22"]
[EventType "team-swiss"]
[EventRounds "11"]
[EventCountry "POL"]
[SourceTitle "EXT 2019"]
[Source "ChessBase"]
[SourceDate "2018.10.10"]
[SourceVersion "1"]
[SourceVersionDate "2018.10.10"]
[SourceQuality "1"]

1. e4 c5 2. Nf3 e6 3. d4 cxd4 4. Nxd4 a6 5. Bd3 Qc7 6. Be3 Nf6 7. Qd2 b6 8. f3 d5 9. Nc3 Bb7 10. exd5 Nxd5 11. Nxd5 Bxd5 12. Be4 Bxe4 13. fxe4 Bd6 14. 0-0-0 Be7 15. h4 Nd7 16. Nb3 b5 17. Qd4 Rc8 18. Rd2 e5 19. Qa7 Qxa7 20. Bxa7 Nf6 21. Re2 Nh5 22. Re3 0-0 23. Bb6 Rc6 24. Ba5 Rg6 25. Bc3 Rxg2 26. Bxe5 Rc8 27. Nd4 f6 28. Bh2 Rc4 29. c3 b4 30. Nf5 Bc5 31. Bd6 bxc3 32. Rxc3 Rxc3+ 33. bxc3 Bxd6 34. Nxd6 Rxa2 35. Rd1 Nf4 36. Kb1 Ne2 37. Rd3 Ra5 38. c4 Rc5 39. Rb3 h6 40. Rb8+ Kh7 41. Rb7 Nf4 42. Ne8 Nh5 43. Rc7 Re5 44. Nd6 Nf4 45. Ra7 a5 46. Nf5 Ne6 47. Re7 Kg8 48. Nd6 h5 49. Kc1 Kf8 50. Rf7+ Kg8 51. Re7 Nc5 52. Rxe5 fxe5 53. Kd2 Kf8 54. Ke3 Ke7 55. Nb5 Kf6 56. Nc3 a4 57. Nd5+ Ke6 58. Nc7+ Kf6 59. Nd5+ Ke6 60. Nc7+ Kd7 61. Nb5 Kc6 62. Na3 Nb3 63. Kd3 Kc5 64. Kc3 Na5 0-1